タイトルが漢字のみの広義オリジナルVOCALOID楽曲(ニコニコ動画における再生数トップ100) - Statistics

General Stats
  • This quiz has been taken 114 times
  • The average score is 16 of 100
Answer Stats
順位 曲名 投稿年 % Correct
1 千本桜 2011
86%
5 劣等上等 2018
59%
2 炉心融解 2009
58%
6 妄想感傷代償連盟 2016
58%
4 乙女解剖 2019
52%
10 恋愛裁判 2014
51%
7 深海少女 2010
48%
56 深海 2023
48%
11 転生林檎 2022
44%
3 春嵐 2019
43%
8 妄想税 2013
38%
9 帝国少女 2017
37%
24 愛言葉 2009
37%
17 抜錨 2018
35%
32 幽霊東京 2019
32%
39 邪魔 2018
27%
16 失敗作少女 2015
26%
21 熱異常 2022
26%
61 馬鹿 2018
26%
12 二息歩行 2009
25%
23 天樂 2009
25%
15 快晴 2017
23%
30 脱獄 2016
23%
37 群青讃歌 2021
23%
20 再教育 2012
22%
14 十面相 2011
21%
18 自傷無色 2013
20%
55 終焉逃避行 2020
20%
54 一心不乱 2012
19%
64 神曲 2011
19%
93 初音天地開闢神話 2021
19%
13 魔法少女幸福論 2013
17%
34 番凩 2008
17%
41 孤独毒毒 2021
17%
53 四季刻歌 2012
17%
59 一千光年 2023
17%
60 月光 2022
16%
26 空奏列車 2015
15%
40 一騎当千 2014
15%
47 爆笑 2021
15%
31 紅一葉 2009
14%
36 新人類 2023
14%
38 紗痲 2018
14%
46 古書屋敷殺人事件 2012
14%
42 再演 2017
12%
70 贖罪 2018
12%
83 帝王教育 2019
12%
25 毒占欲 2014
11%
28 残響 2016
11%
49 疑心暗鬼 2014
11%
67 空中分解 2018
11%
81 傀儡阿修羅 2022
11%
27 恋愛勇者 2012
10%
29 告白予行練習 2012
10%
35 飛行少女 2016
10%
43 延命治療 2012
9%
45 濫觴生命 2015
9%
51 愛及屋烏 2015
9%
72 回生 2021
9%
100 頓痴気乱痴気珍呑紀行 2016
9%
19 撥条少女時計 2018
7%
22 厭世輪舞曲 2017
7%
48 秘密警察 2010
7%
62 巡姫舞踊曲 2009
7%
63 無人駅 2015
7%
75 再会 2016
7%
94 百鬼祭 2020
7%
33 表裏一体 2018
6%
44 劇場愛歌 2015
6%
58 番蝶 2011
6%
66 囚人 2008
6%
74 牆壁 2015
6%
77 残灯花火 2015
6%
78 東京電脳探偵団 2012
6%
50 火葬曲 2009
5%
52 夕日坂 2008
5%
57 時忘人 2009
5%
65 小夜子 2011
5%
68 紙飛行機 2009
5%
80 秒針 2021
5%
84 恋色病棟 2009
5%
85 死人舞踏会 2020
5%
87 人質交換 2019
5%
89 未来線 2011
5%
69 正体 2022
4%
71 相愛性理論 2009
4%
79 理想絵図 2011
4%
92 2019
4%
73 夕染 2016
2%
86 異国人形館殺人事件 2012
2%
90 螺旋飛行 2015
2%
82 孤食 2017
1%
88 雨夢楼 2010
1%
95 送墓唄 2010
1%
98 化物宇宙 2011
1%
99 東京百鬼夜行 2017
1%
76 鏡音八八花合戦 2009
0%
91 運命決定論 2017
0%
96 夢地図 2011
0%
97 曾根崎心中 2008
0%
No matching quizzes found
Score Distribution
Percent of People with Each Score
Percentile by Number Answered
Your Score History
You have not taken this quiz